000 00277nam a2200109Ia 4500
005 20251222154429.0
008 251222s9999||||xx |||||||||||||| ||spa||
082 _a338.9/P87
100 _a"Byrnard, Jean y otros"
245 0 _aProgramaciyn del desarrollo econymico
942 _cLIB
999 _c36346
_d36346